Pięć państw o najdłuższej linii brzegowej według kontynentu - Statystyki

Ogólne statystyki
  • Ten quiz został rozwiązany 5 149 razy
  • Średni wynik to 23 z 28
Statystyki odpowiedzi
Kontynent Państwo % Poprawnych
Asia, Europe Rosja
98%
Ameryka Północna Stany Zjednoczone
96%
Oceania Australia
95%
Ameryka Północna Kanada
95%
Europa Norwegia
95%
Ameryka Południowa Brazylia
94%
Ameryka Południowa Chile
94%
Azja Chiny
93%
Oceania Nowa Zelandia
93%
Afryka Republika Południowej Afryki
93%
Ameryka Południowa Argentyna
92%
Ameryka Północna Meksyk
92%
Azja Japonia
90%
Europa Szwecja
90%
Europa Wielka Brytania
90%
Azja Indonezja
87%
Ameryka Południowa Kolumbia
84%
Afryka Maroko
83%
Afryka Egipt
81%
Ameryka Południowa Wenezuela
81%
Europa Grecja
79%
Ameryka Północna Kuba
78%
Oceania Papua-Nowa Gwinea
75%
Afryka Madagaskar
71%
Azja Filipiny
67%
Afryka Mozambik
55%
Oceania Wyspy Salomona
52%
Oceania Vanuatu
48%
Nie znaleziono quizów pasujących do podanych kryteriów
Rozkład punktacji
Procent ludzi z każdym wynikiem
Percentyl według liczby udzielonych odpowiedzi
Twoja historia wyników
Nie rozwiązałeś tego quizu